000 00683cab a2200217 4500
001 WB2606-52
008 090401t1989 xxu||||| |||| 00| 0 eng d
035 _a(Sirsi) u70971
041 _aeng
245 _aInner city failings
260 _c1989
350 _a0
490 _aIndependent
_v2/2/90 p6 Construction News (6149) 8/2/89 p5(2)
520 _aA NAO report, Regenerating the inner cities , highlights problems of inadequate planning and a lack of co-ordination in the Government`s inner city programme.
650 _aACTION FOR CITIES
650 _aCITY ACTION TEAMS
650 _aURBAN PROGRAMME
690 _aURBAN RENEWAL
942 _n0
948 _c04/03/1997
999 _c44716
_d44716